Kambing yang berani

Bibliographic Details
Main Author: Yulis Haji Alwi
Format: Book
Published: Kuala Lumpur : Pustaka Buana , 2005
Series:Siri kisah membina teladan
Subjects:

MARC

LEADER 00000cam a2200000 7i4500
001 0000004961
005 20151222.0
008 070731
020 |a 9832642779 
090 0 0 |a JF   |b MOR MAL (6058) 
100 0 |a Yulis Haji Alwi 
245 1 0 |a Kambing yang berani   |c Yulis Haji Alwi 
260 |a Kuala Lumpur :   |b Pustaka Buana ,   |c 2005 
440 |a Siri kisah membina teladan 
500 |a Children ages 7-9 years old (orange) 
650 0 |a Readers   |x Moral 
999 |a 0000907877   |b Book   |c Children Collection   |e Cawangan Bandar Tenggara 
999 |a 0000907878   |b Book   |c Children Collection   |e Cawangan Bandar Tenggara 
999 |a 0000907879   |b Book   |c Children Collection   |e Cawangan Bandar Tenggara 
999 |a 0000917271   |b Book   |c Children Collection   |e Cawangan Bukit Gambir 
999 |a 0000917272   |b Book   |c Children Collection   |e Cawangan Bukit Gambir 
999 |a 0000928311   |b Book   |c Children Collection   |e Cawangan Tangkak 
999 |a 0000928312   |b Book   |c Children Collection   |e Cawangan Tangkak 
999 |a 0000928313   |b Book   |c Children Collection   |e Cawangan Tangkak 
999 |a 0000978184   |b Book   |c Children Collection   |e Cawangan Kota Tinggi 
999 |a 0000978185   |b Book   |c Children Collection   |e Perbadanan Perpustakaan Awam Johor 
999 |a 0000978186   |b Book   |c Children Collection   |e Perbadanan Perpustakaan Awam Johor 
999 |a 0001043717   |b Book   |c Children Collection   |e Cawangan Bandar Penawar